000 00710nam a22002057a 4500
005 20100814154354.0
010 _aENG-100418
020 _c60.00
035 _aEN-83951
037 _bDBAD/PUB
082 _aN
100 _aMannarsamy, N.
_913536
245 _aThe novels of V. S. naipual the post colonial and the quest for identity /
_cby N. Mannarsamy
260 _aKattumannar Koil
_bNadanam Publications
_c2006
270 _aK. K. Nallur, South Street
_bKattumannar Koil
300 _a144p.
_c20cm (pbk)
500 _aIncluded bibliographical references
942 _2ddc
_cEN
_hN
_mMAN
999 _c41982
_d41982